Sports Quiz

Random Sports or WWE Quiz
Score 0/105 Timer 10:00
0 Plays Today
Mania Answer % Correct
Wrestlemania 23John Cena vs. Shawn Michaels
99.6%
Wrestlemania XIIBret Hart vs. Shawn Michaels
99.3%
Wrestlemania XXTriple H vs. Chris Benoit vs. Shawn Michaels
99.3%
Wrestlemania XXIVRic Flair vs. Shawn Michaels
99.3%
Wrestlemania XXVShawn Michaels vs. Undertaker
99.3%
Wrestlemania XXVIShawn Michaels vs. Undertaker
99.3%
Wrestlemania VIIIShawn Michaels vs. Tito Santana
98.9%
Wrestlemania XShawn Michaels vs. Razor Ramon
98.9%
Wrestlemania XIVTriple H vs. Owen Hart
98.9%
Wrestlemania X8Hulk Hogan vs. The Rock
98.9%
Wrestlemania XIXChris Jericho vs. Shawn Michaels
98.9%
Wrestlemania XXMick Foley & The Rock vs. Evolution
98.9%
Wrestlemania 21Randy Orton vs Undertaker
98.9%
Wrestlemania 21Shawn Michaels vs. Kurt Angle
98.9%
Wrestlemania XXIVRandy Orton vs. Triple H vs. John Cena
98.9%
Wrestlemania XXVIIIThe Rock vs. John Cena
98.9%
Wrestlemania 29The Rock vs. John Cena
98.9%
Wrestlemania 34Ronda Rousey & Kurt Angle vs. Triple H & Stephanie McMahon
98.9%
Wrestlemania VHulk Hogan vs. Randy Savage
98.5%
Wrestlemania VIThe Orient Express vs. The Rockers
98.5%
Wrestlemania VIIThe Rockers vs. Barbarbian & Haku
98.5%
Wrestlemania XIDiesel vs. Shawn Michaels
98.5%
Wrestlemania 13Bret Hart vs. Steve Austin
98.5%
Wrestlemania XIVShawn Michaels vs. Steve Austin
98.5%
Wrestlemania 2000Triple H vs. The Rock vs. Mick Foley vs. Big Show
98.5%
Wrestlemania X8Ric Flair vs. Undertaker
98.5%
Wrestlemania X8Chris Jericho vs. Triple H
98.5%
Wrestlemania 22John Cena vs. Triple H
98.5%
Wrestlemania XXVEdge vs. John Cena vs. Big Show
98.5%
Wrestlemania XXVIITriple H vs. Undertaker
98.5%
Wrestlemania XXVIIITriple H vs. Undertaker
98.5%
Wrestlemania VIUltimate Warrior vs. Hulk Hogan
98.2%
Wrestlemania VIIIRandy Savage vs. Ric Flair
98.2%
Wrestlemania IXShawn Michaels vs. Tatanka
98.2%
Wrestlemania 13Owen Hart & British Bulldog vs. Vader & Mankind
98.2%
Mania Answer % Correct
Wrestlemania 23Batista vs. Undertaker
98.2%
Wrestlemania 23Money in the Bank Match
98.2%
Wrestlemania XXIVEdge vs. Undertaker
98.2%
Wrestlemania 29Undertaker vs. CM Punk
98.2%
Wrestlemania XXXDaniel Bryan vs. Triple H
98.2%
Wrestlemania XIIDiesel vs. Undertaker
97.8%
Wrestlemania XXXRandy Orton vs. Batista vs. Daniel Bryan
97.8%
Wrestlemania 3Ricky Steamboat vs. Randy Savage
97.4%
Wrestlemania VIIRandy Savage vs. Ultimate Warrior
97.4%
Wrestlemania 21Money in the Bank Match
97.4%
Wrestlemania 31Brock Lesnar vs. Roman Reigns vs. Seth Rollins
97.4%
Wrestlemania 35Brock Lesnar vs. Seth Rollins
97.4%
Wrestlemania XIIVader, British Bulldog, Owen Hart vs. Ahmed Johnson, Yokozuna, Jake Roberts
97.1%
Wrestlemania XVSteve Austin vs. The Rock
97.1%
Wrestlemania X-SevenSteve Austin vs. The Rock
97.1%
Wrestlemania XIXThe Rock vs. Steve Austin
97.1%
Wrestlemania XIXKurt Angle vs. Brock Lesnar
97.1%
Wrestlemania XXVMoney in the Bank Match
97.1%
Wrestlemania 31IC Ladder Match
97.1%
Wrestlemania 3Hart Foundation & Danny Davis vs. British Bulldogs & Tito Santana
96.7%
Wrestlemania IVRandy Savage vs. Ted Dibiase
96.7%
Wrestlemania VIIIBret Hart vs. Roddy Piper
96.7%
Wrestlemania XBret Hart vs. Owen Hart
96.7%
Wrestlemania 2000Kurt Angle vs. Chris Jericho vs. Chris Benoit
96.7%
Wrestlemania XXVIMoney in the Bank Match
96.7%
Wrestlemania 32Chris Jericho vs. AJ Styles
96.7%
Wrestlemania VIIHart Foundation vs. The Nasty Boys
96.3%
Wrestlemania IXBret Hart vs. Yokozuna
96.3%
Wrestlemania XRandy Savage vs. Crush
96.3%
Wrestlemania 22Mick Foley vs. Edge
96.3%
Wrestlemania XXVIChris Jericho vs. Edge
96.3%
Wrestlemania XXVIIICM Punk vs. Chris Jericho
96.3%
Wrestlemania 2000The Dudley Boyz vs. Edge & Christian vs. The Hardy Boyz
96%
Wrestlemania X-SevenThe Dudley Boyz vs. Edge & Christian vs. The Hardy Boyz
96%
Wrestlemania 22Money in the Bank Match
96%
Mania Answer % Correct
Wrestlemania 32Charlotte vs. Becky Lynch vs. Sasha Banks
95.6%
Wrestlemania XXEddie Guerrero vs. Kurt Angle
95.2%
Wrestlemania 31Randy Orton vs. Seth Rollins
95.2%
Wrestlemania 35Daniel Bryan vs. Kofi Kingston
95.2%
Wrestlemania X-SevenChris Benoit vs. Kurt Angle
94.9%
Wrestlemania XXXJohn Cena vs. Bray Wyatt
94.9%
Wrestlemania XXVIIEdge vs. Alberto Del Rio
94.5%
Wrestlemania 33Brock Lesnar vs.Goldberg
94.1%
Wrestlemania 34Charlotte vs. Asuka
93.8%
Wrestlemania 33AJ Styles vs. Shane McMahon
93%
Wrestlemania 29Fandango vs. Chris Jericho
92.7%
Wrestlemania XIVNew Age Outlaws vs. Cactus Jack & Chainsaw Charlie
90.5%
Wrestlemania 33The Hardy's vs. Gallows & Anderson vs. The Bar vs. Enzo & Cass
90.1%
Wrestlemania 34AJ Styles vs. Shinsuke Nakamura
88.6%
Wrestlemania XXVIICM Punk vs. Randy Orton
88.3%
Wrestlemania IVRicky Steamboat vs. Greg Valentine
86.8%
Wrestlemania 32IC Ladder Match
86.8%
WrestlemaniaRicky Steamboat vs. Matt Borne
84.6%
Wrestlemania 2British Bulldogs vs. Dream Team
84.6%
Wrestlemania VUltimate Warrior vs. Rick Rude
83.5%
Wrestlemania 35The Usos vs. The Bar vs. Black & Ricochet vs. Rusev & Nakamura
82.8%
Wrestlemania XVShane McMahon vs. X-Pac
80.2%
Wrestlemania 2The Funks vs. Tito Santana & JYD
79.5%
Wrestlemania 3Roddy Piper vs. Adrian Adonis
79.1%
Wrestlemania IVDemolition vs. Strike Force
78.4%
Wrestlemania VBrain Busters vs. Strike Force
77.7%
WrestlemaniaTito Santana vs. The Executioner
75.1%
Wrestlemania 13Faarooq, Savio Vega, Crush vs. Legion of Doom & Ahmed Johnson
71.4%
Wrestlemania XIJeff Jarrett vs. Razor Ramon
70.3%
Wrestlemania 220 Man Battle Royale Won By Andre The Giant
63.7%
Wrestlemania XVRoad Dogg vs. Ken Shamrock vs. Val Venis vs. Goldust
60.4%
Wrestlemania VIMr.Perfect vs. Brutus Beefcake
51.3%
Wrestlemania XIBam Bam Bigelow vs. Lawrence Taylor
49.1%
Wrestlemania IXThe Steiner Brothers vs. The Headshrinkers
43.2%
WrestlemaniaUS Express vs. The Iron Sheik & Nikolai Volkoff
42.5%
Remove Ads.
Support Sporcle.
Get the best of Sporcle when you Go Orange. This ad-free experience offers more features, more stats, and more fun while also helping to support Sporcle. Thank you for becoming a member.

You're not logged in!

Compare scores with friends on all Sporcle quizzes.
OR
Log In

Sporcle TV

Today on Sporcle TV


Watch our educational content, quiz creation guides, and fun videos on Sporcle TV.

Show Comments

Extras

Top Quizzes Today


Score Distribution

Paid Content

Your Account Isn't Verified!

In order to create a playlist on Sporcle, you need to verify the email address you used during registration. Go to your Sporcle Settings to finish the process.

Report this User

Report this user for behavior that violates our Community Guidelines.

Details: